000 00348nam a22001337a 4500
005 20251216121627.0
008 251216b |||||||| |||| 00| 0 eng d
020 _a9780446529464
100 _aGarlock, Dorothy
245 _aHigh on a Hill
_cDorothy Garlock
260 _aNew York
_bWarner Books
_c2002
300 _a385p.
_c23.5cm
942 _2lcc
_cBK
_n0
999 _c8577
_d8577